000 00301nam a22001337a 4500
008 180308b xxu||||| |||| 00| 0 eng d
020 _a783254021891
041 _aeng
080 _a004
100 _a30
101 _aSHK
245 _aLINUX THE COMPLETE REFERENCE
_cRICHARD.P
942 _2udc
_cBK
999 _c44391
_d44391